000 00267nam a2200109Ia 4500
008 220204s9999 xx 000 0 und d
082 _a541.2
_bDEM
245 0 _aMolecular rearrangements
260 _aNew York
_bJohn Wiley
_c1963
700 _aDemayo, Paul
942 _cBK
999 _c20512
_d20512